000 01058nam a2200265Ia 4500
003 OSt
005 20221005103552.0
006 a|||||r|||| 00| 0
007 ta
008 221004b |||||||| |||| 00| 0 hin d
020 _a9789381954843 (hbk)
_c995
024 _a21757
037 _b286, 11/03/2015, Eastern Book Linkers
_cTextual
040 _aCRL
_cCRL
_bhin
041 _2hin
_ahin
082 _aO15v23771.N7, 152M0;Q5
100 _aशास्त्री, प्रभाकर
245 0 _aजयपुर की संस्कृत साहित्य को देन
_b 1835 - 1965 ई.
246 _aJayapur kī sanskṛut sāhitya ko dena: 1835 - 1965 ī.
260 _aजयपुर
_bहंसा प्रकाशन भारत
_c2015
300 _a464पृ0
_ccm.
650 _aसंस्कृत साहित्य
942 _hO15v23771.N7, 152M0;Q5
_cTEXL
_2cc
999 _c1010312
_d1010312